| 000 | 00532nam a2200181Ia 4500 | ||
|---|---|---|---|
| 999 |
_c23204 _d23204 |
||
| 003 | OSt | ||
| 005 | 20200323140656.0 | ||
| 008 | 190216s9999||||xx |||||||||||||| ||und|| | ||
| 020 | _a8170242630 | ||
| 040 | _coclc | ||
| 082 |
_a297.273 _bSHA/I |
||
| 100 |
_aShaghil, M _92182 |
||
| 245 | 0 |
_aIslamic Economics : _bA Global Perspective / _cM Shaghil |
|
| 260 |
_bAshish Publishing House, _c1989. _aNew Delhi: |
||
| 300 | _a175p | ||
| 650 | _aIslamic History | ||
| 942 |
_cBK _2ddc _h297.273 _iSHA/I _k297.273 _mSHA/I |
||